| 000 | 01984cam a2200541 a 4500 | ||
|---|---|---|---|
| 001 | 21030 | ||
| 003 | VRT | ||
| 005 | 20260210154655.0 | ||
| 008 | 230403s1952 xo g 000 f slo | ||
| 015 | _aSNBA19451955-009762 | ||
| 020 | _q(viazané) | ||
| 035 | _aSK01SNKBKSFS20010084787 | ||
| 035 | _aurn:nbn:sk:snk-am3i76i | ||
| 035 | _a52DA3F0F-878B-41B3-8656-F5DE5DEF4C40 | ||
| 035 | _aurn:nbn:sk:snk-am00dqsr | ||
| 035 | _aSKM000087250 | ||
| 039 | 9 |
_a202304032057 _bVLOAD _c202212050957 _dVLOAD _c202205120833 _dVLOAD _c202010011504 _dmsnk162 |
|
| 040 |
_aSNK _bslo _cSNK _eAACR2 |
||
| 041 | 1 |
_aslo _heng |
|
| 044 |
_axo _cSK |
||
| 072 | 7 |
_a821.111-3 _xAnglická próza, anglicky písaná _2konspekt |
|
| 080 |
_a820-3 _21981 |
||
| 080 |
_a821.111(94)-31 _22011 |
||
| 080 |
_a821-311.3 _22011 |
||
| 080 |
_a(0:82-311.3) _22011 |
||
| 100 | 1 |
_aPrichard, Katharine Susannah, _d1883-1969 _4aut |
|
| 240 | 1 | 0 |
_aGolden Miles _lSlovensky |
| 245 | 1 | 0 |
_aZlaté míle _n[2. diel] _cKatharine S. Prichardová ; [z anglického originálu preložila Ada Kuzmány-Bruothová] |
| 250 | _a1. vydanie | ||
| 260 |
_a[Turčiansky Sv. Martin] _bMatica slovenská _c1952 |
||
| 300 |
_a487 strán _c20 cm |
||
| 366 | _e5500 kusov | ||
| 500 | _aFrontispice ; poznámky pod čiarou ; preložené z angličtiny | ||
| 500 | _aÚdaj o druhom diele prebratý z prebalu knihy | ||
| 500 | _aPravdepodobné miesto vydania podľa vydavateľa | ||
| 655 | 7 |
_aaustrálske romány _2SNKPH |
|
| 655 | 7 |
_adobrodružné romány _2SNKPH |
|
| 700 | 1 |
_aBruothová, Adriena, _d1905-1983 _4trl |
|
| 700 | 1 |
_aKlapper, Osvald, _d1930-2010 _4bjd _4ill |
|
| 700 | 1 |
_aBoor, Ján _4red |
|
| 752 |
_aSlovensko _dMartin |
||
| 910 | _asnk | ||
| 942 |
_2ddc _cKLDO _n0 |
||
| 949 |
_6273K0222526 _asvkpoA 56793/II _bsvkpo131608 |
||
| 949 |
_6270001000637717 _asvkbbS 38135 _bsvkbbm 70997 |
||
| 949 |
_617A0767808 _asnkSC 4762/2 _bsnk5648/52 _oI.668/52 - ev. č. _s6100:20190215 |
||
| 999 |
_c21030 _d21030 |
||